[Event "Australian op"]
[Site "Brisbane"]
[Date "2017.01.03"]
[Round "2"]
[White "Holt, Stuart"]
[Black "Behne Smith, Jonathon"]
[Result "1-0"]
[WhiteElo "1813"]
[BlackElo "1653"]
[PlyCount "82"]
[EventDate "2017.01.02"]
[EventType "swiss"]
[EventRounds "11"]
[EventCountry "AUS"]
[SourceTitle "CBM 176 Extra"]
[Source "ChessBase"]
[SourceDate "2017.03.02"]
[SourceVersion "1"]
[SourceVersionDate "2017.03.02"]
[SourceQuality "1"]

1. e4 c6 2. d4 d5 3. exd5 cxd5 4. Bd3 Nc6 5. c3 Nf6 6. Bf4 Bg4 7. Qb3 Qd7 8. Nd2 Nh5 9. Be3 e5 10. dxe5 Nxe5 11. Bb5 Nc6 12. Ngf3 Qd6 13. Rd1 Nf6 14. h3 Be6 15. Qa4 Be7 16. Bf4 Qc5 17. Bc7 a6 18. Nd4 0-0 19. Bxc6 bxc6 20. Qxc6 Rac8 21. Qxc5 Bxc5 22. Ba5 Bd7 23. 0-0 Ne4 24. N4b3 Bxf2+ 25. Rxf2 Nxf2 26. Kxf2 Rb8 27. Nf3 Ba4 28. Nfd4 f5 29. Re1 Bxb3 30. axb3 Rfe8 31. Rxe8+ Rxe8 32. Bb4 f4 33. h4 h6 34. Kf3 g5 35. Nf5 Kh7 36. Ne7 d4 37. cxd4 Rb8 38. Nc6 Rc8 39. d5 a5 40. Bc3 Rc7 41. d6 Rd7 1-0